000 00489cam a2200157 4500500
005 20260322013902.0
041 _afre
042 _adc
100 1 0 _aCombes, Christèle
_eauthor
700 1 0 _aRey, Christian
_eauthor
245 0 0 _aBiomaterials based on calcium phosphates
260 _c2026.
500 _a5
786 0 _nHealthcare technologies | - | 2026-03-05 | p. 5-5
856 4 1 _uhttps://stm.cairn.info/biomaterials--bdti42606210-n4950-page-5?lang=en&redirect-ssocas=7080
999 _c1784423
_d1784423